000 02547cam a2200661 i 4500
001 1740
003 FISKH
005 20241107104518.0
008 150414m20082009enka j 001 0
010 _a 2015301007
040 _aDLC
_beng
_erda
_cDLC
_dFISKH
042 _apcc
050 0 0 _aQ180.2
_bA76 2009
082 _a741.5
100 1 _aArnold, Nick,
_eauthor.
245 1 0 _aAngry animals
264 1 _aLondon :
_bScholastic,
_c2009.
300 _a20 volumes :
_billustrations ;
_c20 cm
336 _atext
_btxt
_2rdacontent
337 _aunmediated
_bn
_2rdamedia
338 _avolume
_bnc
_2rdacarrier
490 _aHorrible Science
500 _aTitle, Horrible science, is in each volume and on each side of case and case bottom. Various phrases are on case top and sides, e.g., Bulging box of books, 20 brilliant books in one bulging box, and Science with the squishy bits left in!
500 _aAll volumes by Nick Arnold except for "Evolve or Die" by Phil Gates. All volumes are illustrated by Tony De Saulles.
500 _aContents indicated on side of case.
500 _aEach volume contains own index.
505 0 _aQ
520 _aTwenty titles from the best-selling series, presented in a bulging boxed set. Features all the best-selling Horrible Science titles from A-Z--well from Blood, Bones and Body Bits to Vicious Veg! --
_cSource other than Library of Congress.
521 8 _a890
_bLexile
521 8 _aQ
_bRaz-Plus
650 0 _aScience
_vJuvenile literature.
650 0 _aScience
_xStudy and teaching (Primary)
700 1 _aDe Saulles, Tony,
_eillustrator.
700 1 _aGates, Phil,
_eauthor.
740 0 2 _aAngry animals.
740 0 2 _aBlood, bones, and body bits.
740 0 2 _aBulging brains.
740 0 2 _aChemical chaos.
740 0 2 _aDeadly diseases.
740 0 2 _aDisgusting digestion.
740 0 2 _aEvolve or die.
740 0 2 _aFatal forces.
740 0 2 _aFight for flight.
740 0 2 _aFrightening light.
740 0 2 _aKiller energy.
740 0 2 _aMicroscopic monsters.
740 0 2 _aNasty nature.
740 0 2 _aPainful poison.
740 0 2 _aShocking electricity.
740 0 2 _aSounds dreadful.
740 0 2 _aSpace, stars, and slimy aliens.
740 0 2 _aTerrible truth about time.
740 0 2 _aUgly bugs.
740 0 2 _aVicious veg.
906 _a7
_bcbc
_corigres
_d2
_encip
_f20
_gy-gencatlg
942 _2ddc
_cBK
_n0
999 _c1740
_d1740